|
|
|
|
| LEADER |
00953nam a2200241 a 4500 |
| 001 |
836884 |
| 008 |
090909s1974 onca b 000 0 eng d |
| 010 |
|
|
|a \\\77367495
|
| 020 |
|
|
|a 0889360405
|
| 040 |
|
|
|a DLC
|c DLC
|d DLC
|
| 082 |
0 |
0 |
|a 370/.9172/4
|2 18
|
| 100 |
1 |
|
|a Kidd, J. R.
|q (James Robbins),
|d 1915-1982.
|
| 245 |
1 |
0 |
|a Whilst time is burning :
|b a report on education for development /
|c J. Roby Kidd.
|
| 260 |
|
|
|a Ottawa :
|b International Development Research Centre,
|c c1974
|
| 300 |
|
|
|a 120 p. :
|b ill. ;
|c 25 cm.
|
| 500 |
|
|
|a "IDRC-035e."
|
| 504 |
|
|
|a Includes bibliographies.
|
| 541 |
1 |
|
|e 00000896
|
| 650 |
|
0 |
|a Education
|z Developing countries.
|
| 650 |
|
0 |
|a Literacy.
|
| 852 |
4 |
|
|a Ayesha Abed Library
|j General shelf
|
| 999 |
|
|
|c 3871
|d 3871
|
| 952 |
|
|
|0 0
|1 0
|2 ddc
|4 0
|6 370_917240000000000_KID_1974
|7 0
|8 NFIC
|9 3522
|a BRACUL
|b BRACUL
|c GEN
|d 2009-09-13
|g 0.00
|l 0
|o 370.91724 KID
|p 3010000896
|r 2009-09-13
|t 1
|w 2009-09-13
|y BK
|x No price found in the accession register.
|